| 000 | 00373nam a2200145Ia 4500 | ||
|---|---|---|---|
| 008 | 230917s9999||||xx |||||||||||||| ||und|| | ||
| 040 |
_e59637 _aMAIN |
||
| 041 | _aEnglish | ||
| 082 | _a658.4 G346N | ||
| 100 | _aGhosh, Biswanath | ||
| 245 | 4 | _aThe new look organizational behaviour | |
| 260 |
_aBombay _bHimalaya Publishing House _c1984 |
||
| 300 | _a220 p. | ||
| 942 | _cBK | ||
| 999 |
_c77916 _d77916 |
||